000 00645nam a2200217 a 4500
999 _c2655
_d2655
001 2655
003 BD-JhCC
005 20171105191640.0
008 171105s1986 ii |||| ||a| 000 0 ben d
035 _a(BD-JhCC)2655
040 _aBD-JhCC
_dBD-JhCC
041 _aben
082 _a891.443
_bNIL 1986
100 _aনীললোহিত
245 _aনিরুদ্দেশের দেশে /
_cনীললোহিত
260 _aকলিকাতা :
_bআনন্দ পাবলিশার্স প্রাঃ লিঃ,
_c1986
300 _a134 p. :
650 _aBengali Novel
942 _2ddc
_cBK